Statistics for greek to roman gods

Click here to take the quiz!

General Stats

  • This quiz has been taken 123 times
  • The average score is 20 of 26

Answer Stats

Hint greek name roman name % Correct
god of the skies, king of olympuszeusjupiter
100%
lord of the underworldhadespluto
98%
queen of the gods, goddess of marriageherajuno
97%
goddess of battle strategy and wisdomathenaminerva
96%
goddess of beauty and sexualityaphroditevenus
94%
god of wararesmars
93%
god of the sea's, sea storms, and earthquakesposeidonneptune
93%
god of light, archery and healingapollophoebus
91%
god of messengers and thieveshermesmercury
91%
goddess of huntartemisdiana
91%
god of wine and celebrationdionysusbacchus
87%
god of loveeroscupid
84%
god of the wild, nature and shepherdspanfauna
84%
god of fire, forges, and craftmenshiphephaestusvulcan
83%
goddess of agriculture and the seasonsdemeterceres
81%
goddess of the hearthhestiavesta
79%
goddess of springtimepersephoneproserpina
76%
god of the sunheliossol
75%
gods of sleephypnossomnus
64%
goddess of victorynikevictoria
60%
goddess of magichecatetrivia
54%
goddess of the nightnyxnox
52%
goddess of the moonseleneluna
52%
god of deaththanatosmors
51%
goddess of youthhebeIuventas
49%
goddess of peaceirenepax
12%

Score Distribution

Percentile by Number Answered

Percent of People with Each Score

Your Score History

You have not taken this quiz